Hyderabad State Under the Nizams, 1724-1948 (Record no. 6406)
[ view plain ]
| 000 -LEADER | |
|---|---|
| fixed length control field | 00653nam a2200241 a 4500 |
| 020 ## - INTERNATIONAL STANDARD BOOK NUMBER | |
| ISBN | 0930811 |
| 082 00 - DEWEY DECIMAL CLASSIFICATION NUMBER | |
| Classification number | 016.0954 |
| Author Cutter | KHA |
| 100 ## - MAIN ENTRY--AUTHOR NAME | |
| Author name | Khalidi, Omar |
| 245 ## - TITLE STATEMENT | |
| Title | Hyderabad State Under the Nizams, 1724-1948 |
| Sub title | Bibliography of Monographic & |
| 260 ## - PUBLICATION, DISTRIBUTION, ETC. (IMPRINT) | |
| Place of publication | USA |
| Name of publisher | Hyderabad Historical Society |
| Year of publication | 1985 |
| 300 ## - PHYSICAL DESCRIPTION | |
| Number of Pages | 171p |
| 500 ## - GENERAL NOTE | |
| General note | includes index and biblioraphy |
| 505 2# - FORMATTED CONTENTS NOTE | |
| Formatted contents note | Index |
| 650 ## - SUBJECT ADDED ENTRY--TOPICAL TERM | |
| Topical Term | Bibliography-Hyderabad State |
| 942 ## - ADDED ENTRY ELEMENTS (KOHA) | |
| Koha item type | Books |
| 700 1# - | |
| -- | Khalidi, Omar |
| Collection code | Home library | Current library | Date acquired | Cost, normal purchase price | Full call number | Accession Number | Koha item type |
|---|---|---|---|---|---|---|---|
| Henry Martyn Institute Library | Henry Martyn Institute Library | 03/15/2007 | 100.00 | 016.0954 KHA | 012111 | Books |
